| 000 | 01066nam0a2200301 4500 | ||
|---|---|---|---|
| 001 | RU\NLR\bibl\1326724 | ||
| 005 | 20260405085447.0 | ||
| 010 |
_a978-5-317-02546-5 _950 |
||
| 021 |
_aRU _b2008-97839 _95738 |
||
| 035 | _a(NLR Aleph) 001312011 | ||
| 090 |
_a685484 _c685484 |
||
| 100 | _a20090209d2008 |||y0rusy50 ca | ||
| 101 | 0 | _arus | |
| 102 | _aRU | ||
| 105 | _aa ||||||||| | ||
| 200 | 1 |
_aТвой труд тебе награда _fИ.И. Смаржевская |
|
| 210 |
_aМосква _cМАКС Пресс _d2008 |
||
| 215 |
_a67, [19] с. _cил., портр., факс. _d20 |
||
| 600 | 1 |
_aСмаржевская _bИ. И. _gИрина Ивановна _jДневники _92557993 _3RU\NLR\auth\661513303 |
|
| 686 | _aШ5(2=Р)7-4Смаржевская | ||
| 700 | 1 |
_4070 _8rus _7ca _aСмаржевская _bИ. И. _f1935- _gИрина Ивановна _3RU\NLR\AUTH\7731426 _914436 |
|
| 801 | 0 |
_aRU _bNLR _c20090209 _gRCR |
|
| 801 | 1 |
_aRU _bNLR _c20090209 |
|
| 830 | _aавт. по кн. | ||
| 942 | _cBOOK | ||
| 980 | _aNB | ||